Les 9 piliers de demon slayer - Statistiques

Statistiques générales
  • Ce quiz a été pris 567 fois
  • Le résultat moyen est 8 sur 9
Statistiques - réponses
Domaine Nom % Correct
Flamme Kyojuro Rengoku
98%
Eau Giyu Tomioka
97%
Son Tengen Uzui
97%
Amour Mitsuri Kanroji
92%
Brume Muichiro Tokito
92%
Serpent Obanai Iguro
92%
Insecte Shinobu Kocho
92%
Vent Sanemi Shinazugawa
88%
Roche Gyomei Himejima
87%
Aucun quiz correspondant
Distribution des résultats
% des personnes avec chaque résultat
Percentile par nombre de réponses
Votre historique - résultats
Vous n’avez pas pris ce quiz